Movies Quiz

Random Movies or Clickable Quiz

Tom Hanks Slot Machine Quiz Stats

Quiz Updated Feb 19, 2015

Challenge
Share
Tweet
Score 0/16 Timer 04:00
0 Plays Today
% Correct
Toy Story
93.6%
Forrest Gump
84.8%
Apollo 13
72%
The Da Vinci Code
71%
A League of Their Own
69.5%
The Terminal
63.4%
Catch Me If You Can
61.1%
Big
56.2%
% Correct
Saving Private Ryan
55.2%
You've Got Mail
53.4%
Philadelphia
52.5%
Sleepless in Seattle
49.9%
The Green Mile
48.3%
Cast Away
45.7%
Road to Perdition
34.3%
Splash
33.7%

You're not logged in!

Compare scores with friends on all Sporcle quizzes.
Sign Up with Email
OR
Log In

You Might Also Like...

Show Comments

Extras

Top Quizzes Today


Score Distribution

Your Account Isn't Verified!

In order to create a playlist on Sporcle, you need to verify the email address you used during registration. Go to your Sporcle Settings to finish the process.